Farm Business Management: the strategic farmer (Record no. 50560)

MARC details
000 -LEADER
fixed length control field 00467nam a22001577a 4500
003 - CONTROL NUMBER IDENTIFIER
control field OSt
008 - FIXED-LENGTH DATA ELEMENTS--GENERAL INFORMATION
fixed length control field 260512b |||||||| |||| 00| 0 eng d
020 ## - INTERNATIONAL STANDARD BOOK NUMBER
International Standard Book Number 9781800624238
082 ## - DEWEY DECIMAL CLASSIFICATION NUMBER
Classification number 338.1068
Item number N97F
100 ## - MAIN ENTRY--PERSONAL NAME
Personal name Nuthall, Peter L.
245 ## - TITLE STATEMENT
Title Farm Business Management: the strategic farmer
260 ## - PUBLICATION, DISTRIBUTION, ETC. (IMPRINT)
Place of publication, distribution, etc Wallingford
Name of publisher, distributor, etc :CABI
Date of publication, distribution, etc ;2023.
300 ## - PHYSICAL DESCRIPTION
Extent xiv, 284 p.
650 ## - SUBJECT ADDED ENTRY--TOPICAL TERM
Topical term or geographic name as entry element Economics | Social sciences | Farm Management | Farm Business Management
942 ## - ADDED ENTRY ELEMENTS (KOHA)
Source of classification or shelving scheme
Koha item type Books
Holdings
Withdrawn status Lost status Source of classification or shelving scheme Damaged status Not for loan Home library Current library Shelving location Date acquired Source of acquisition Cost, normal purchase price Total Checkouts Full call number Barcode Date last seen Bill Date Koha item type Bill Number
          Dr. Rajendra Prasad Central Agricultural University Pusa, Dr. Rajendra Prasad Central Agricultural University Pusa, General Stacks 12/05/2026 Scientific Publishers (India) 5069.00   338.1068 N97F 87812 12/05/2026 01/02/2026 Books Invoice/SPI/25-26/425
          Dr. Rajendra Prasad Central Agricultural University Pusa, Dr. Rajendra Prasad Central Agricultural University Pusa, General Stacks 12/05/2026 Scientific Publishers (India) 5069.00   338.1068 N97F 87813 12/05/2026 01/02/2026 Books Invoice/SPI/25-26/425
Hosted, Implemented, Customized & Maintained by: BestBookBuddies

Powered by Koha